Prieskum vnímania identity vybranej značky u mladých bakalárska práca

Salvato in:
Dettagli Bibliografici
Autore principale: Michalcová, Kristína
Ente Autore: Obchodná fakulta EU. Katedra marketingu
Altri autori: Kopaničová, Janka, 1979-
Natura: Libro
Lingua:slovacco
Pubblicazione: Bratislava 2014
Tags: Aggiungi Tag
Nessun Tag, puoi essere il primo ad aggiungerne!!

MARC

LEADER 00000nbm a2200000 4500
001 0188277
005 20170201101158.0
041 0 |a slo 
044 |a SK 
245 1 0 |a Prieskum vnímania identity vybranej značky u mladých  |b bakalárska práca  |c Kristína Michalcová ; školiteľ: Janka Kopaničová 
264 1 |a Bratislava  |c 2014 
300 |a 42 s. 
100 1 |a Michalcová, Kristína 
700 1 |a Kopaničová, Janka, 1979- 
710 2 |a Obchodná fakulta EU. Katedra marketingu